Đỏ và đen; T1 = Le rouge et le noir

Spremljeno u:
Bibliografski detalji
Glavni autor: Henri Beyle Stendhal
Format: Knjiga
Jezik:Undetermined
Izdano: Tp. HCM Văn Nghệ 2000
Teme:
Oznake: Dodaj oznaku
Bez oznaka, Budi prvi tko označuje ovaj zapis!
Thư viện lưu trữ: Trung tâm Học liệu Trường Đại học Cần Thơ
LEADER 00521nam a2200181Ia 4500
001 CTU_37813
008 210402s9999 xx 000 0 und d
082 |a 843.7 
082 |b S825/T1/2000 
100 |a Henri Beyle Stendhal 
245 0 |a Đỏ và đen; T1 
245 0 |b = Le rouge et le noir 
245 0 |c Henri Beyle Stendhal, Tuấn Đô 
260 |a Tp. HCM 
260 |b Văn Nghệ 
260 |c 2000 
650 |a french fiction ( vietnamese ) 
980 |a Trung tâm Học liệu Trường Đại học Cần Thơ